[Event "BPB Limburg open"]
[Site "Maastricht"]
[Date "2015.05.25"]
[Round "7"]
[White "Coenen, Michael"]
[Black "Dambacher, Martijn"]
[Result "1/2-1/2"]
[WhiteElo "2428"]
[BlackElo "2483"]
[PlyCount "93"]
[EventDate "2015.05.22"]
[EventType "swiss"]
[EventRounds "7"]
[EventCountry "NED"]
[Source "P.Boonen"]
[SourceDate "2015.10.01"]

1. c4 f5 2. g3 Nf6 3. Bg2 e6 4. Nf3 d5 5. O-O c6 6. d4 Bd6 7. Nc3 O-O 8. Qc2
Nbd7 9. cxd5 cxd5 10. Nb5 Bb8 11. Bf4 Bxf4 12. gxf4 Nb6 13. Nc7 Rb8 14. Ng5 Qd6
15. Qc5 Rd8 16. Rfc1 h6 17. Qxd6 Rxd6 18. Nf3 Bd7 19. Ne5 Rc8 20. b3 Ne8 21.
Nxe8 Bxe8 22. Rxc8 Nxc8 23. Rc1 Bc6 24. Bf3 Kf8 25. Bh5 Ke7 26. a4 a6 27. Rc3
Na7 28. Kg2 Rd8 29. Rg3 Kf8 30. Bf7 Rd6 31. Rc3 Ke7 32. Bh5 Rd8 33. h4 Rc8 34.
Rg3 Kf8 35. Ng6+ Kf7 36. Kf1 Be8 37. Ne5+ Kf8 38. Bxe8 Rxe8 39. Nd7+ Kf7 40.
Ne5+ Kf8 41. Ke1 Rc8 42. Kd2 Rc7 43. Rc3 Rxc3 44. Kxc3 Ke7 45. f3 Kd6 46. Nd3
b6 47. b4 1/2-1/2

[Event "BPB Limburg open"]
[Site "Maastricht"]
[Date "2015.05.25"]
[Round "7"]
[White "Commercon, Simon"]
[Black "Vreugdenhil, Frans"]
[Result "1-0"]
[WhiteElo "2216"]
[BlackElo "2009"]
[PlyCount "47"]
[EventDate "2015.05.22"]
[EventType "swiss"]
[EventRounds "7"]
[EventCountry "NED"]
[Source "P.Boonen"]
[SourceDate "2015.10.01"]

1. d4 Nf6 2. Nf3 d5 3. c4 dxc4 4. e3 e6 5. Bxc4 c5 6. O-O a6 7. Bb3 Nc6 8. Qe2
Qc7 9. Bd2 Be7 10. dxc5 Bxc5 11. Rc1 Be7 12. e4 O-O 13. e5 Nd7 14. Bf4 Rd8 15.
Nbd2 Nf8 16. Qe4 Qd7 17. Nc4 Qd3 18. Qe1 Nd4 19. Nxd4 Qxd4 20. Be3 Qe4 21. Bc2
Qh4 22. Nb6 Rb8 23. Bd1 Bd7 24. Rc4 1-0

[Event "BPB Limburg open"]
[Site "Maastricht"]
[Date "2015.05.25"]
[Round "7"]
[White "Dardha, Arben"]
[Black "De Jong, Jan Willem"]
[Result "0-1"]
[WhiteElo "2343"]
[BlackElo "2457"]
[PlyCount "72"]
[EventDate "2015.05.22"]
[EventType "swiss"]
[EventRounds "7"]
[EventCountry "NED"]
[Source "P.Boonen"]
[SourceDate "2015.10.01"]

1. e4 c6 2. d4 d5 3. exd5 cxd5 4. c4 Nf6 5. Nc3 Nc6 6. Nf3 g6 7. h3 Bg7 8. Be3
O-O 9. c5 Ne4 10. Qb3 e5 11. Nxe5 Nxe5 12. Nxe4 Nc6 13. Nc3 Nxd4 14. Bxd4 Bxd4
15. O-O-O Bxf2 16. Ne4 Qh4 17. Qxd5 Bf5 18. Bd3 Rfd8 19. Nd6 Be6 20. Qe4 Qg5+
21. Kb1 Bxc5 22. h4 Qg3 23. Nxb7 Bd5 24. Nxd8 Bxe4 25. Bxe4 Rb8 26. Nc6 Rb6 27.
Rd2 Qe3 28. Rd8+ Kg7 29. Bd5 Qd3+ 30. Ka1 Rxc6 31. h5 gxh5 32. Rd7 Rf6 33. a3
Bxa3 34. Rh3 Bxb2+ 35. Ka2 Ra6+ 36. Kxb2 Rb6+ 0-1

[Event "BPB Limburg open"]
[Site "Maastricht"]
[Date "2015.05.25"]
[Round "7"]
[White "Doggers, Peter"]
[Black "Weiler, Wolfgang"]
[Result "1-0"]
[WhiteElo "2253"]
[BlackElo "2121"]
[PlyCount "61"]
[EventDate "2015.05.22"]
[EventType "swiss"]
[EventRounds "7"]
[EventCountry "NED"]
[Source "P.Boonen"]
[SourceDate "2015.10.01"]

1. Nf3 g6 2. e4 c5 3. d4 cxd4 4. Nxd4 Nf6 5. Nc3 Nc6 6. Nxc6 bxc6 7. e5 Ng8 8.
Bc4 Qa5 9. O-O Qxe5 10. Re1 Qb8 11. Qd4 f6 12. Bxg8 Rxg8 13. Qxf6 Qb4 14. Bg5
Rg7 15. Bh6 Rf7 16. Qh8 d5 17. Bxf8 Rxf8 18. Qxh7 Bf5 19. Re2 Rf7 20. Qh8+ Rf8
21. Qe5 O-O-O 22. a3 Qb8 23. Rc1 Rfe8 24. b4 Qb7 25. Na4 Qa6 26. Nc5 Qxa3 27.
Ra1 Qxb4 28. Rxa7 Qb8 29. Qa1 Qb6 30. Ra8+ Kc7 31. Qe5+ 1-0

[Event "BPB Limburg open"]
[Site "Maastricht"]
[Date "2015.05.25"]
[Round "7"]
[White "Ernst, Sipke"]
[Black "Decoster, Frederic"]
[Result "1-0"]
[WhiteElo "2523"]
[BlackElo "2303"]
[PlyCount "81"]
[EventDate "2015.05.22"]
[EventType "swiss"]
[EventRounds "7"]
[EventCountry "NED"]
[Source "P.Boonen"]
[SourceDate "2015.10.01"]

1. Nf3 g6 2. d4 Nf6 3. c4 Bg7 4. Nc3 O-O 5. e3 c5 6. d5 e6 7. Be2 exd5 8. cxd5
d6 9. Nd2 Na6 10. e4 Re8 11. O-O Nc7 12. a4 b6 13. Re1 Rb8 14. Rb1 Na6 15. Bb5
Rf8 16. Bf1 Ng4 17. Nf3 Ne5 18. Nxe5 Bxe5 19. Nb5 Ra8 20. f4 Bg7 21. b3 Nc7 22.
Bb2 Nxb5 23. Bxb5 Bd7 24. Bc4 Re8 25. Qd3 Bxb2 26. Rxb2 Qf6 27. Rf2 Qg7 28.
Rfe2 f6 29. h3 Kh8 30. Qg3 Rad8 31. e5 fxe5 32. fxe5 Rxe5 33. Rxe5 dxe5 34.
Rxe5 Qf6 35. Qe3 Bf5 36. Re7 Qd4 37. Kf2 Qxe3+ 38. Kxe3 Rd7 39. Rxd7 Bxd7 40.
Kf4 Kg7 41. Ke5 1-0

[Event "BPB Limburg open"]
[Site "Maastricht"]
[Date "2015.05.25"]
[Round "7"]
[White "Gerlagh, Joris"]
[Black "Perrenet, Jacob"]
[Result "1-0"]
[WhiteElo "2163"]
[BlackElo "2078"]
[PlyCount "69"]
[EventDate "2015.05.22"]
[EventType "swiss"]
[EventRounds "7"]
[EventCountry "NED"]
[Source "P.Boonen"]
[SourceDate "2015.10.01"]

1. d4 Nc6 2. Nf3 d5 3. c4 Bg4 4. cxd5 Qxd5 5. Nc3 Qa5 6. e3 e5 7. Qb3 Bxf3 8.
gxf3 Qb4 9. dxe5 Qxb3 10. axb3 Bb4 11. f4 Nge7 12. Bd2 O-O 13. Bd3 Rfd8 14. Ke2
Rd7 15. Rhd1 Rad8 16. Be1 a6 17. Bc2 Nd5 18. Nxd5 Bxe1 19. Kxe1 Rxd5 20. Be4
Rxd1+ 21. Rxd1 Rxd1+ 22. Kxd1 Nd8 23. Kd2 g6 24. Kc3 b6 25. b4 Kf8 26. Bd3 b5
27. Be4 Ke7 28. Bd5 h6 29. Kd4 c6 30. Bb3 Nb7 31. Ba2 f5 32. f3 g5 33. fxg5
hxg5 34. f4 g4 35. e4 1-0

[Event "BPB Limburg open"]
[Site "Maastricht"]
[Date "2015.05.25"]
[Round "7"]
[White "Geurink, Jasper"]
[Black "Schroer, Marcel"]
[Result "1-0"]
[WhiteElo "2354"]
[BlackElo "2186"]
[PlyCount "121"]
[EventDate "2015.05.22"]
[EventType "swiss"]
[EventRounds "7"]
[EventCountry "NED"]
[Source "P.Boonen"]
[SourceDate "2015.10.01"]

1. e4 d6 2. d4 Nf6 3. Nc3 g6 4. Be3 Bg7 5. Qd2 O-O 6. f3 e5 7. d5 c6 8. Bg5 Qa5
9. h4 cxd5 10. Bxf6 Bxf6 11. Nxd5 Qxd2+ 12. Kxd2 Bd8 13. a4 Nc6 14. Bc4 Kg7 15.
Ne2 Bd7 16. Ba2 Rc8 17. c3 Ne7 18. h5 h6 19. Nxe7 Bxe7 20. hxg6 fxg6 21. Bb3 h5
22. Raf1 Bg5+ 23. Kc2 a6 24. Nc1 a5 25. Rd1 Be7 26. Nd3 Bc6 27. Be6 Rc7 28. b3
Kf6 29. Bd5 Bd7 30. Nb2 Rfc8 31. Rd3 b5 32. axb5 Bxb5 33. c4 Ra7 34. Ra1 Bd8
35. b4 Bb6 36. Kb3 Be8 37. b5 Bd4 38. Ra2 Rb8 39. Kc2 Bf7 40. Bxf7 Kxf7 41.
Rda3 Rba8 42. Kd3 Kf6 43. Na4 Rb8 44. Nc3 Bxc3 45. Kxc3 Rba8 46. c5 dxc5 47.
Kc4 Rd7 48. Rxa5 Rxa5 49. Rxa5 Rd2 50. g3 Rc2+ 51. Kd5 c4 52. Ra6+ Kg5 53. Kxe5
Rb2 54. f4+ Kg4 55. Rxg6+ Kf3 56. Kd4 Rxb5 57. Kxc4 Rb1 58. e5 Rd1 59. e6 h4
60. f5 hxg3 61. f6 1-0

[Event "BPB Limburg open"]
[Site "Maastricht"]
[Date "2015.05.25"]
[Round "7"]
[White "Goudriaan, Etienne"]
[Black "Haast, Anne"]
[Result "1/2-1/2"]
[WhiteElo "2372"]
[BlackElo "2352"]
[PlyCount "67"]
[EventDate "2015.05.22"]
[EventType "swiss"]
[EventRounds "7"]
[EventCountry "NED"]
[Source "P.Boonen"]
[SourceDate "2015.10.01"]

1. d4 d5 2. c4 dxc4 3. e4 Nc6 4. Nf3 Bg4 5. Be3 e5 6. d5 Nce7 7. Qa4+ Bd7 8.
Qxc4 Ng6 9. Be2 Nf6 10. O-O Bd6 11. Re1 O-O 12. Qc2 Qe7 13. Nbd2 Ng4 14. Bg5 f6
15. Bh4 Nf4 16. Bf1 g5 17. Bg3 h5 18. h3 Nh6 19. Nc4 Ng6 20. Nxd6 cxd6 21. Qc7
Rab8 22. Rac1 f5 23. exf5 Nxf5 24. Bd3 g4 25. hxg4 hxg4 26. Bxf5 Bxf5 27. Qxe7
Nxe7 28. Nd4 Rbc8 29. Nb5 Rxc1 30. Rxc1 Nc8 31. Rc7 a6 32. Na3 Rf7 33. Rxf7
Kxf7 34. Nc4 1/2-1/2

[Event "BPB Limburg open"]
[Site "Maastricht"]
[Date "2015.05.25"]
[Round "7"]
[White "Gutkind, Kedem"]
[Black "Vuilleumier, Alexandre"]
[Result "0-1"]
[WhiteElo "2005"]
[BlackElo "2356"]
[PlyCount "58"]
[EventDate "2015.05.22"]
[EventType "swiss"]
[EventRounds "7"]
[EventCountry "NED"]
[Source "P.Boonen"]
[SourceDate "2015.10.01"]

1. e4 c5 2. Nf3 d6 3. d4 cxd4 4. Nxd4 Nf6 5. Nc3 g6 6. f3 Bg7 7. Be3 O-O 8. Qd2
Nc6 9. Bc4 Bd7 10. O-O-O Rc8 11. Bb3 Ne5 12. h4 h5 13. Kb1 Nc4 14. Bxc4 Rxc4
15. Nd5 e6 16. Nxf6+ Qxf6 17. c3 Qe7 18. Bh6 b5 19. Bxg7 Kxg7 20. g4 Rh8 21.
Ne2 hxg4 22. h5 gxf3 23. Ng3 g5 24. e5 Kh6 25. Qd3 Bc6 26. exd6 Qf6 27. Qe3 b4
28. cxb4 Rxb4 29. b3 Rg4 0-1

[Event "BPB Limburg open"]
[Site "Maastricht"]
[Date "2015.05.25"]
[Round "7"]
[White "Halfhide, Sebastian"]
[Black "Lanchava, Tea"]
[Result "0-1"]
[WhiteElo "2136"]
[BlackElo "2250"]
[PlyCount "94"]
[EventDate "2015.05.22"]
[EventType "swiss"]
[EventRounds "7"]
[EventCountry "NED"]
[Source "P.Boonen"]
[SourceDate "2015.10.01"]

1. e4 c6 2. d4 g6 3. Nf3 Bg7 4. Bd3 d6 5. O-O Nf6 6. Re1 O-O 7. c4 Ne8 8. h3 e5
9. dxe5 dxe5 10. b3 Nc7 11. Ba3 Re8 12. Qc2 Ne6 13. Nbd2 Nd7 14. Bf1 c5 15.
Rad1 Nd4 16. Qb1 Qf6 17. Be2 b6 18. Nf1 Nf8 19. Ne3 Qc6 20. Nxd4 cxd4 21. Nd5
Qd7 22. b4 Ne6 23. Bc1 Bb7 24. Qb3 Kh8 25. Bd2 f5 26. Bf3 Qf7 27. g3 Rf8 28.
Rf1 Rac8 29. Bg2 f4 30. gxf4 exf4 31. f3 Be5 32. Rf2 g5 33. Bf1 Rg8 34. Be1 Rg7
35. Rdd2 Rcg8 36. Rc2 Bc6 37. c5 b5 38. a4 a6 39. axb5 axb5 40. Ra2 g4 41. hxg4
Ng5 42. Bg2 h5 43. Kf1 Rh7 44. Ke2 hxg4 45. Ra6 Bb7 46. Ra7 Qe6 47. Kd1 Bb8 0-1

[Event "BPB Limburg open"]
[Site "Maastricht"]
[Date "2015.05.25"]
[Round "7"]
[White "Heemskerk, Wim"]
[Black "Van Laatum, Maarten"]
[Result "1/2-1/2"]
[WhiteElo "2199"]
[BlackElo "2023"]
[PlyCount "80"]
[EventDate "2015.05.22"]
[EventType "swiss"]
[EventRounds "7"]
[EventCountry "NED"]
[Source "P.Boonen"]
[SourceDate "2015.10.01"]

1. Nf3 Nf6 2. c4 e6 3. g3 d5 4. Bg2 Be7 5. O-O O-O 6. b3 c5 7. e3 Nc6 8. Bb2
Qc7 9. Nc3 Rd8 10. cxd5 exd5 11. d4 Bg4 12. dxc5 Bxc5 13. Na4 Be7 14. Rc1 Rac8
15. Qd3 Qb8 16. Qb1 Ne4 17. Rfd1 Bf6 18. Bxf6 Nxf6 19. Qb2 Qd6 20. Nc3 Qe7 21.
Ne2 Ne4 22. Nf4 Ng5 23. Nxg5 Bxd1 24. Nxf7 Kxf7 25. Rxd1 Qe5 26. Qb1 d4 27.
Qxh7 dxe3 28. Bd5+ Rxd5 29. Rxd5 exf2+ 30. Kxf2 Qb2+ 31. Kg1 Ne7 32. Rd1 Rc1
33. Qd3 Rxd1+ 34. Qxd1 Qxa2 35. Nd5 Qa3 36. Qf3+ Kg8 37. Nxe7+ Qxe7 38. Qd5+
Kh7 39. Qd3+ Kg8 40. Kg2 a6 1/2-1/2

[Event "BPB Limburg open"]
[Site "Maastricht"]
[Date "2015.05.25"]
[Round "7"]
[White "Heinert, Eugen"]
[Black "Burg, Twan"]
[Result "0-1"]
[WhiteElo "2154"]
[BlackElo "2507"]
[PlyCount "58"]
[EventDate "2015.05.22"]
[EventType "swiss"]
[EventRounds "7"]
[EventCountry "NED"]
[Source "P.Boonen"]
[SourceDate "2015.10.01"]

1. d4 Nf6 2. c4 e6 3. Nf3 Bb4+ 4. Nbd2 d5 5. Qa4+ Nc6 6. a3 Bxd2+ 7. Bxd2 Bd7
8. Qc2 Ne4 9. e3 O-O 10. Bd3 f5 11. b4 Rf6 12. b5 Ne7 13. Ne5 c6 14. bxc6 Nxc6
15. cxd5 exd5 16. Qb3 Be8 17. Nxc6 Bxc6 18. Ra2 Qd7 19. Rb2 Rc8 20. Ke2 Kh8 21.
Rc1 f4 22. exf4 Qg4+ 23. Kf1 Nxd2+ 24. Rxd2 Qxf4 25. Rcc2 Qxh2 26. f3 Rcf8 27.
Be2 Rg6 28. Qe3 Rxg2 29. Ke1 Qh4+ 0-1

[Event "BPB Limburg open"]
[Site "Maastricht"]
[Date "2015.05.25"]
[Round "7"]
[White "Hulshof, Peter"]
[Black "Ypma, Peter"]
[Result "1/2-1/2"]
[WhiteElo "2154"]
[BlackElo "2260"]
[PlyCount "37"]
[EventDate "2015.05.22"]
[EventType "swiss"]
[EventRounds "7"]
[EventCountry "NED"]
[Source "P.Boonen"]
[SourceDate "2015.10.01"]

1. e4 c5 2. Nc3 g6 3. g3 Bg7 4. Bg2 Nc6 5. d3 e6 6. f4 Nge7 7. Nf3 d5 8. e5 f6
9. exf6 Bxf6 10. O-O O-O 11. g4 Nd4 12. Nxd4 Bxd4+ 13. Kh1 Bg7 14. Qe1 Bd7 15.
Ne2 Bc6 16. Ng3 Qd6 17. Qe2 Rae8 18. c3 Bh6 19. Qe5 1/2-1/2

[Event "BPB Limburg open"]
[Site "Maastricht"]
[Date "2015.05.25"]
[Round "7"]
[White "Jacobs, Florian"]
[Black "Beeke, Bobby"]
[Result "0-1"]
[WhiteElo "2177"]
[BlackElo "2250"]
[PlyCount "138"]
[EventDate "2015.05.22"]
[EventType "swiss"]
[EventRounds "7"]
[EventCountry "NED"]
[Source "P.Boonen"]
[SourceDate "2015.10.01"]

1. d4 d5 2. c4 c6 3. Nf3 Nf6 4. e3 Bg4 5. Qb3 Qb6 6. Nc3 e6 7. Nh4 Nbd7 8. h3
Bh5 9. g4 Bg6 10. Nxg6 hxg6 11. Bg2 Be7 12. Bd2 O-O 13. O-O-O Qxb3 14. axb3 Nb6
15. g5 Nh5 16. cxd5 cxd5 17. h4 Nc8 18. Be1 Nd6 19. f3 Rac8 20. Kb1 Nf5 21. Bf2
Bb4 22. Ne2 Rc7 23. e4 Ne7 24. Rc1 Rfc8 25. Rxc7 Rxc7 26. Rc1 Rxc1+ 27. Kxc1
Kf8 28. Be3 Be1 29. Nc3 Bxh4 30. Nb5 a6 31. Nd6 b5 32. Nb7 Bg3 33. Bf1 Bc7 34.
Nc5 Ng3 35. Bd3 a5 36. Bxb5 Nc8 37. Bd7 Nd6 38. Bxe6 dxe4 39. fxe4 Ndxe4 40.
Nxe4 Nxe4 41. Bd5 Ng3 42. Kc2 Nf5 43. Kd3 Nxe3 44. Kxe3 f5 45. Bc6 Ke7 46. Kf3
Bh2 47. d5 Be5 48. Bb5 Bxb2 49. Kg3 Bc3 50. Kh4 Be1+ 51. Kh3 Bb4 52. Kh4 Bd6
53. Ba4 Bc7 54. Bb5 Bd8 55. Kg3 Kd6 56. Be8 Kxd5 57. Bxg6 Ke5 58. Bf7 Bxg5 59.
Kf3 Be7 60. Bc4 g5 61. Bd3 Bb4 62. Bc2 g4+ 63. Kg3 Be1+ 64. Kg2 f4 65. Bd1 f3+
66. Kf1 Bh4 67. Bc2 Kf4 68. Bh7 Be7 69. Bg8 g3 0-1

[Event "BPB Limburg open"]
[Site "Maastricht"]
[Date "2015.05.25"]
[Round "7"]
[White "Janssen, Ruud"]
[Black "Van Osch, Mees"]
[Result "1-0"]
[WhiteElo "2464"]
[BlackElo "2248"]
[PlyCount "55"]
[EventDate "2015.05.22"]
[EventType "swiss"]
[EventRounds "7"]
[EventCountry "NED"]
[Source "P.Boonen"]
[SourceDate "2015.10.01"]

1. c4 e5 2. Nc3 Nf6 3. Nf3 Nc6 4. e3 d5 5. cxd5 Nxd5 6. Bb5 Nxc3 7. bxc3 e4 8.
Nd4 Bd7 9. Qh5 Nxd4 10. cxd4 Bd6 11. Qf5 Bxb5 12. Qxb5+ c6 13. Qxb7 Rc8 14.
Qxa7 O-O 15. Qa6 Qh4 16. a4 Qg4 17. O-O Rfd8 18. Ba3 Bb8 19. h3 Qd7 20. f4 exf3
21. Rxf3 Qc7 22. Rb1 Rd7 23. Bc5 Re8 24. Qb6 Qh2+ 25. Kf2 Rc8 26. Qa6 Qc7 27.
Bb6 Qd6 28. Qxc8+ 1-0

[Event "BPB Limburg open"]
[Site "Maastricht"]
[Date "2015.05.25"]
[Round "7"]
[White "Johannessen, Leif Erlend"]
[Black "Offringa, Joost"]
[Result "1-0"]
[WhiteElo "2515"]
[BlackElo "2202"]
[PlyCount "81"]
[EventDate "2015.05.22"]
[EventType "swiss"]
[EventRounds "7"]
[EventCountry "NED"]
[Source "P.Boonen"]
[SourceDate "2015.10.01"]

1. d4 f5 2. Nf3 Nf6 3. Bg5 e6 4. Nbd2 Be7 5. Bxf6 Bxf6 6. e4 fxe4 7. Nxe4 b6 8.
Bd3 O-O 9. Qe2 Bb7 10. c3 Qe7 11. O-O c5 12. dxc5 bxc5 13. Rad1 g6 14. Rfe1 Bg7
15. Bb1 Bd5 16. c4 Bc6 17. h4 Rxf3 18. Qxf3 Qxh4 19. b3 Na6 20. Qg3 Qxg3 21.
Nxg3 Rf8 22. Be4 Bd4 23. Re2 d5 24. cxd5 exd5 25. Bf3 Nc7 26. b4 Ba4 27. Rc1 c4
28. Rd2 Bb6 29. Nf1 Bc6 30. Ne3 c3 31. Rxc3 d4 32. Rxc6 dxe3 33. Rdd6 exf2+ 34.
Kf1 Rb8 35. a4 Ne8 36. Rd3 Bc7 37. Re3 Bb6 38. Re4 Ng7 39. a5 Nf5 40. axb6 Ng3+
41. Kxf2 1-0

[Event "BPB Limburg open"]
[Site "Maastricht"]
[Date "2015.05.25"]
[Round "7"]
[White "Kalisvaart, Peter"]
[Black "Huesmann, Thomas"]
[Result "1/2-1/2"]
[WhiteElo "2101"]
[BlackElo "2224"]
[PlyCount "59"]
[EventDate "2015.05.22"]
[EventType "swiss"]
[EventRounds "7"]
[EventCountry "NED"]
[Source "P.Boonen"]
[SourceDate "2015.10.01"]

1. d4 f5 2. Bg5 h6 3. Bh4 g5 4. e3 Nf6 5. Bg3 Bg7 6. Nc3 d6 7. Qd2 Nc6 8. O-O-O
O-O 9. h4 g4 10. Nge2 e6 11. Nf4 Ne7 12. f3 h5 13. fxg4 hxg4 14. Kb1 a6 15. Bd3
d5 16. h5 Bh6 17. Ng6 Nxg6 18. hxg6 Bg7 19. Ne2 b6 20. Be5 c5 21. c3 c4 22. Bc2
Ra7 23. Qe1 Ne8 24. Qh4 Qxh4 25. Rxh4 Bf6 26. Rh2 Kg7 27. Nf4 Rh8 28. Rdh1 Rxh2
29. Rxh2 Kg8 30. b3 1/2-1/2

[Event "BPB Limburg open"]
[Site "Maastricht"]
[Date "2015.05.25"]
[Round "7"]
[White "Keetman, Maaike"]
[Black "Merx, Bob"]
[Result "1-0"]
[WhiteElo "2194"]
[BlackElo "2099"]
[PlyCount "67"]
[EventDate "2015.05.22"]
[EventType "swiss"]
[EventRounds "7"]
[EventCountry "NED"]
[Source "P.Boonen"]
[SourceDate "2015.10.01"]

1. e4 e5 2. Nf3 Nc6 3. Bc4 Bc5 4. d3 Nf6 5. O-O d6 6. c3 Bb6 7. Bb3 O-O 8. h3
Ne7 9. Nbd2 c6 10. Re1 Ng6 11. Nf1 Bc7 12. Ng3 d5 13. Bg5 Be6 14. d4 h6 15.
Bxf6 Qxf6 16. Nh5 Qd8 17. Nxe5 Bxe5 18. dxe5 Qg5 19. Re3 Rad8 20. exd5 Bxd5 21.
Bxd5 Rxd5 22. Qe2 Rxe5 23. Rxe5 Qxe5 24. Qxe5 Nxe5 25. Re1 Re8 26. Kf1 Re7 27.
Ng3 Ng6 28. Rd1 Nf8 29. Nf5 Rd7 30. Rxd7 Nxd7 31. Ke2 h5 32. Nd6 Nc5 33. b4 Na4
34. Kd3 1-0

[Event "BPB Limburg open"]
[Site "Maastricht"]
[Date "2015.05.25"]
[Round "7"]
[White "Kokje, Joris"]
[Black "Hoynck van Papendrecht, Frans"]
[Result "0-1"]
[WhiteElo "1960"]
[BlackElo "2091"]
[PlyCount "96"]
[EventDate "2015.05.22"]
[EventType "swiss"]
[EventRounds "7"]
[EventCountry "NED"]
[Source "P.Boonen"]
[SourceDate "2015.10.01"]

1. d4 e6 2. c4 f5 3. g3 Nf6 4. Bg2 Be7 5. Nf3 O-O 6. O-O d6 7. Nc3 a5 8. Qc2
Nc6 9. a3 e5 10. dxe5 dxe5 11. Bg5 Be6 12. Rad1 Qe8 13. Nd5 Rc8 14. Nxe7+ Qxe7
15. Qc3 h6 16. Bxf6 Qxf6 17. Rd2 e4 18. Nd4 Nxd4 19. Qxd4 Qxd4 20. Rxd4 c5 21.
Rd2 Bxc4 22. f3 e3 23. Rc2 b5 24. f4 Rcd8 25. Rfc1 Rd2 26. Bf3 Rxc2 27. Rxc2
Rd8 28. a4 Rd2 29. Rc3 Bxe2 30. Rxe3 Bxf3 31. Rxf3 b4 32. b3 Rc2 33. Kf1 c4 34.
bxc4 Rxc4 35. Ke1 Rc2 36. h4 Ra2 37. Kd1 Rxa4 38. Kc2 Ra2+ 39. Kb1 Rg2 40. Rd3
a4 41. Rd4 Rxg3 42. Rxb4 Rb3+ 43. Rxb3 axb3 44. Kb2 Kf7 45. Kxb3 Kg6 46. Kc4
Kh5 47. Kd4 Kxh4 48. Ke5 Kg4 0-1

[Event "BPB Limburg open"]
[Site "Maastricht"]
[Date "2015.05.25"]
[Round "7"]
[White "L'Ami, Alina"]
[Black "Goossens, Hanne"]
[Result "1-0"]
[WhiteElo "2381"]
[BlackElo "2215"]
[PlyCount "47"]
[EventDate "2015.05.22"]
[EventType "swiss"]
[EventRounds "7"]
[EventCountry "NED"]
[Source "P.Boonen"]
[SourceDate "2015.10.01"]

1. d4 Nf6 2. c4 e6 3. Nc3 Bb4 4. e3 O-O 5. Bd3 d5 6. Nf3 b6 7. O-O Bb7 8. cxd5
exd5 9. Ne5 Bd6 10. f4 c5 11. Qf3 Nc6 12. Qh3 g6 13. Nf3 Kg7 14. f5 Nb4 15. Bb1
Ba6 16. Rd1 Qe7 17. e4 dxe4 18. Nxe4 Nxe4 19. Bxe4 Rae8 20. Bh6+ Kg8 21. Bxf8
Rxf8 22. a3 Qxe4 23. Ng5 Bxh2+ 24. Kh1 1-0

[Event "BPB Limburg open"]
[Site "Maastricht"]
[Date "2015.05.25"]
[Round "7"]
[White "L'Ami, Erwin"]
[Black "Leenhouts, Koen"]
[Result "1/2-1/2"]
[WhiteElo "2635"]
[BlackElo "2401"]
[PlyCount "52"]
[EventDate "2015.05.22"]
[EventType "swiss"]
[EventRounds "7"]
[EventCountry "NED"]
[Source "P.Boonen"]
[SourceDate "2015.10.01"]

1. d4 Nf6 2. c4 g6 3. Nf3 Bg7 4. g3 c6 5. Bg2 d5 6. cxd5 cxd5 7. Nc3 Ne4 8. Qb3
Nxc3 9. bxc3 O-O 10. Nd2 e6 11. e4 Nc6 12. Ba3 Re8 13. O-O Na5 14. Qd1 b6 15.
e5 Ba6 16. Re1 Rc8 17. Re3 Rc6 18. h4 Qc7 19. Bb4 Rc8 20. h5 Nc4 21. Nxc4 Bxc4
22. Qg4 a5 23. Bd6 Qd8 24. Qf4 Ba6 25. h6 g5 26. Qg4 Bxh6 1/2-1/2

[Event "BPB Limburg open"]
[Site "Maastricht"]
[Date "2015.05.25"]
[Round "7"]
[White "Lenaerts, Lennert"]
[Black "Henrich, Thomas"]
[Result "1-0"]
[WhiteElo "2203"]
[BlackElo "2208"]
[PlyCount "81"]
[EventDate "2015.05.22"]
[EventType "swiss"]
[EventRounds "7"]
[EventCountry "NED"]
[Source "P.Boonen"]
[SourceDate "2015.10.01"]

1. d4 Nf6 2. c4 e6 3. Nc3 Bb4 4. Qc2 c5 5. dxc5 O-O 6. a3 Bxc5 7. Nf3 Be7 8. e3
b6 9. Bd3 Bb7 10. b3 d6 11. Bb2 Nbd7 12. O-O Rc8 13. Rac1 a6 14. Rfd1 Nc5 15.
Be2 Rc7 16. b4 Nce4 17. Bd3 Qa8 18. Ne1 Rfc8 19. Na4 Nd7 20. Qb1 Nef6 21. Bxf6
gxf6 22. Bxh7+ Kg7 23. Rd4 f5 24. Bxf5 exf5 25. Qxf5 Rg8 26. Rf4 Qe8 27. Rd1
Kf8 28. Qh5 Bg5 29. Rf5 Nf6 30. Rxf6 Bxf6 31. Qh6+ Ke7 32. Nxb6 Rg6 33. Qf4 Be5
34. Qh4+ Kf8 35. f4 Bf6 36. Qh3 Bc3 37. f5 Rf6 38. Nd3 Be5 39. c5 Be4 40. Nxe5
dxe5 41. Qh4 1-0

[Event "BPB Limburg open"]
[Site "Maastricht"]
[Date "2015.05.25"]
[Round "7"]
[White "Lentjes, Noud"]
[Black "Bezemer, Arno"]
[Result "0-1"]
[WhiteElo "2091"]
[BlackElo "2292"]
[PlyCount "86"]
[EventDate "2015.05.22"]
[EventType "swiss"]
[EventRounds "7"]
[EventCountry "NED"]
[Source "P.Boonen"]
[SourceDate "2015.10.01"]

1. e4 c5 2. Nf3 d6 3. Bb5+ Bd7 4. Bxd7+ Qxd7 5. O-O Nf6 6. c3 Nxe4 7. d4 e6 8.
d5 e5 9. Re1 Nf6 10. Bf4 Be7 11. Bg5 O-O 12. c4 Qd8 13. Bxf6 Bxf6 14. Nc3 Nd7
15. Qd2 Be7 16. Ne4 h6 17. Ng3 f5 18. Qc2 g6 19. a3 Bf6 20. Rab1 a6 21. Nd2 Qc7
22. f3 b5 23. b3 Rab8 24. Rf1 Bg5 25. Ne2 Be3+ 26. Kh1 Qa5 27. b4 cxb4 28. axb4
Qc7 29. c5 Nf6 30. Qd3 Bxd2 31. Qxd2 dxc5 32. d6 Qc6 33. bxc5 f4 34. Rfc1 Kh7
35. Ra1 b4 36. Qd3 Rb5 37. Qc4 Kg7 38. Rab1 a5 39. Rb3 Nd7 40. Qe6 Rf6 41. Qe7+
Rf7 42. Qe8 Rxc5 43. Rxc5 Qxc5 0-1

[Event "BPB Limburg open"]
[Site "Maastricht"]
[Date "2015.05.25"]
[Round "7"]
[White "Lombaers, Peter"]
[Black "Coenen, Eduard"]
[Result "1/2-1/2"]
[WhiteElo "2371"]
[BlackElo "2129"]
[PlyCount "40"]
[EventDate "2015.05.22"]
[EventType "swiss"]
[EventRounds "7"]
[EventCountry "NED"]
[Source "P.Boonen"]
[SourceDate "2015.10.01"]

1. e4 g6 2. d4 Bg7 3. c4 d6 4. Nf3 Nc6 5. Be2 e5 6. d5 Nd4 7. Nxd4 exd4 8. O-O
c5 9. Bd3 Ne7 10. Re1 O-O 11. Bf4 Qc7 12. Qe2 Re8 13. Nd2 f6 14. h4 Nf5 15. Qf3
Nh6 16. a4 Nf7 17. h5 g5 18. Bh2 a5 19. Qd1 Ne5 20. Bxe5 fxe5 1/2-1/2

[Event "BPB Limburg open"]
[Site "Maastricht"]
[Date "2015.05.25"]
[Round "7"]
[White "Martens, Martin"]
[Black "Miedema, David"]
[Result "1/2-1/2"]
[WhiteElo "2417"]
[BlackElo "2348"]
[PlyCount "21"]
[EventDate "2015.05.22"]
[EventType "swiss"]
[EventRounds "7"]
[EventCountry "NED"]
[Source "P.Boonen"]
[SourceDate "2015.10.01"]

1. e4 e5 2. Nf3 Nf6 3. Nxe5 d6 4. Nf3 Nxe4 5. Qe2 Qe7 6. d3 Nf6 7. Bg5 Qxe2+ 8.
Bxe2 Be7 9. Nc3 Nc6 10. O-O-O h6 11. Bd2 1/2-1/2